[Event "I IRT Mem Mauricio Maghelly - ALEX 2023"]
[Site "Alex"]
[Date "2023.01.30"]
[Round "1.1"]
[White "Rial, Antonio Marcos Pinon"]
[Black "Rangel, Daniel"]
[Result "0-1"]
[WhiteElo "1635"]
[BlackElo "2220"]
[PlyCount "58"]
[EventDate "2023.01.30"]

{[%evp 12,58,37,30,57,-10,-6,-49,-50,-65,-59,-55,-32,-269,-256,-307,-299,-305,
-306,-320,-312,-346,-344,-342,-337,-335,-324,-323,-309,-408,-398,-452,-449,
-483,-480,-467,-479,-475,-469,-472,-439,-516,-516,-554,-561,-565,-562,-551,
-488]} 1. d4 Nf6 2. Nf3 g6 3. Bg5 Bg7 4. Nbd2 d6 5. c3 O-O 6. e4 Nbd7 7. Bd3 e5
{A48: 1 d4 Nf6 2 Nf3 g6: Torre, London and Colle Systems.} 8. dxe5 {[%eval -10,
29] [%wdl 4,984,12]} (8. O-O $14 {[%eval 57,27] [%wdl 117,883,0]}) 8... dxe5
$11 9. Qb1 $146 {[%eval -49,26] [%wdl 1,922,77]} (9. O-O $11 {[%eval -6,27] 
[%wdl 5,986,9]}) ({Predecessor:} 9. O-O h6 10. Bh4 Nc5 11. Bc2 Bg4 12. Qb1 Qe8
13. b4 Ne6 14. Nxe5 Nxe4 15. Nxe4 Bxe5 {1/2-1/2 (73) Garcia Marin,G (2110)
-Porta Tovar,G (2189) Barcelona 2015}) 9... h6 $15 {Black is slightly better.}
10. Bh4 Nc5 11. Bc2 (11. Nxe5 $2 Re8 12. Ndf3 (12. Bxf6 $2 Bxf6 13. Nb3 Rxe5
$19) 12... Nxd3+ 13. Qxd3 Qxd3 14. Nxd3 Rxe4+ 15. Kd2 Bf5 16. Bxf6 Bxf6 $17)
11... Re8 12. O-O $2 {[%eval -269,27] [%wdl 0,0,1000] [#]} ({White should play
} 12. h3 $15 {[%eval -32,28] [%wdl 1,967,32]}) {[%tqu "En","","","","g6g5","",
10]} 12... g5 $1 $19 13. Bg3 g4 14. b4 gxf3 15. Nxf3 Ncd7 16. Rd1 Nh5 17. Bh4
Bf6 18. g3 Bxh4 19. Nxh4 Qg5 20. Nf5 Ndf6 21. h4 Qg6 {Black is clearly winning.
} 22. Rd8 {[#] Ne7+ is the strong threat.} Bxf5 ({Inferior is} 22... Rxd8 23.
Ne7+ Kh7 24. Nxg6 Kxg6 25. Qf1 $17) 23. exf5 Qg7 24. Rxa8 Rxa8 25. Qe1 Re8 26.
Rd1 e4 {[%cal Oe4e3]} 27. Rd4 e3 28. Kg2 exf2 29. Qxf2 Ng4 {Weighted Error
Value: White=0.48/Black=0.06 (flawless)} 0-1

[Event "I IRT Mem Mauricio Maghelly - ALEX 2023"]
[Site "Alex"]
[Date "2023.01.30"]
[Round "1.2"]
[White "Figueiredo, Francisco Marques"]
[Black "De Oliveira, Sergio Patricio"]
[Result "1-0"]
[WhiteElo "1911"]
[BlackElo "1622"]
[PlyCount "55"]
[EventDate "2023.01.30"]

{[%evp 11,55,21,29,-21,24,30,59,-22,0,-1,60,67,64,64,85,65,105,122,437,164,452,
0,253,104,195,103,365,-55,-6,-4,451,469,492,476,482,453,488,494,498,496,482,
473,493,489,540,536]} 1. e4 c5 2. c3 d5 3. exd5 Qxd5 4. d4 cxd4 5. Nf3 Bg4 6.
Be2 Nc6 {[%cal Bb8c6,Bc6d4,Bd4e2][%mdl 32]} 7. O-O {[%eval -21,31] [%wdl 2,978,
20] B22: Sicilian: 2 c3.} (7. cxd4 $142 {[%eval 29,24] [%wdl 32,966,2]} e6 8.
Nc3) {[%tqu "En","","","","d4d3","",10]} 7... Rd8 {[%eval 24,30] [%wdl 24,974,
2]} (7... d3 $1 {[%eval -21,31] [%wdl 2,978,20] deserves consideration.} 8.
Qxd3 Qxd3 9. Bxd3 Bxf3 10. gxf3 e6) 8. cxd4 $11 Nxd4 9. Nc3 {[%eval -22,33] 
[%wdl 2,978,20]} (9. Nxd4 $14 {[%eval 59,28] [%wdl 129,871,0]} Bxe2 10. Qxe2
Qxd4 11. Be3) 9... Nxe2+ 10. Qxe2 {[%tqu "En","","","","g4f3","",10]} Qc6 $146
{[%eval 60,30] [%wdl 132,868,0]} ({Black should try} 10... Bxf3 $1 $11 {
[%eval -1,30] [%wdl 6,987,7]} 11. gxf3 Qd3) ({Predecessor:} 10... Bxf3 11. gxf3
Qc6 12. Re1 Nf6 13. Qe3 a6 14. Bd2 e6 15. Re2 Bc5 16. Qf4 Bd6 {0-1 (23) Joy,
M-Tlale,T Vung Tau 2008}) 11. Be3 $14 Bxf3 12. gxf3 a6 13. Rac1 {[%mdl 1024] 
[#] Hoping for Rfd1. White has strong compensation.} {[%tqu "En","","","",
"g8f6","",10]} Qg6+ {[%eval 105,29] [%wdl 612,388,0]} (13... Nf6 $1 $14 {
[%eval 65,28] [%wdl 159,841,0]}) 14. Kh1 $16 {[%cal Oc3b5] And now Nb5! would
win.} e6 $2 {[%eval 437,25] [%wdl 1000,0,0][%mdl 8192]} (14... Qd3 $16 {
[%eval 122,25] [%wdl 793,207,0] is tougher.}) 15. Ne4 $2 {[%eval 164,26] [%wdl
973,27,0]} (15. Bb6 {[%eval 437,25] [%wdl 1000,0,0]} Bd6 16. Ne4 (16. Bxd8 Qh6
$11)) 15... Qh5 $2 {[%eval 452,26] [%wdl 1000,0,0]} (15... Nf6 {[%eval 164,26]
[%wdl 973,27,0] might work better.}) 16. Rc7 $2 {[%eval 0,26] [%wdl 5,990,5]} (
16. Bb6 $18 {[%eval 452,26] [%wdl 1000,0,0]} Ra8 17. Rc7) 16... Qd5 {[%eval
253,23] [%wdl 1000,0,0][%mdl 8192]} (16... Nf6 $11 {[%eval 0,26] [%wdl 5,990,5]
and Black has nothing to worry.} 17. Nxf6+ gxf6) 17. Nc3 {[%eval 104,27] [%wdl
585,415,0]} (17. Bb6 $18 {[%eval 253,23] [%wdl 1000,0,0] and White stays
clearly on top.}) 17... Qh5 {[%eval 195,23] [%wdl 995,5,0]} (17... Qf5 $16 {
[%eval 104,27] [%wdl 585,415,0] was necessary.}) {[%tqu "En","","","","f1d1",
"",10]} 18. Bf4 {[%eval 103,28] [%wdl 569,431,0]} ({White should play} 18. Rd1
$1 $18 {[%eval 195,23] [%wdl 995,5,0][%cal Rd1d8] Rxd8+ is the strong threat.}
Bd6 19. Rxd6 Rxd6 20. Ne4) 18... Bb4 $2 {[%eval 365,24] [%wdl 1000,0,0][%mdl
8192]} (18... Nh6 $16 {[%eval 103,28] [%wdl 569,431,0] keeps fighting.}) 19.
Rc1 $2 {[%eval -55,31] [%wdl 0,912,88]} ({Less strong is} 19. Rxb7 Bxc3 20.
bxc3 Qd5 $16) ({White must play} 19. Rd1 $18 {[%eval 365,24] [%wdl 1000,0,0]
Threatening mate with Rxd8+.} Be7 20. Rxb7) 19... Nf6 {[%eval -6,31] [%wdl 3,
990,7]} (19... Bxc3 $15 {[%eval -55,31] [%wdl 0,912,88]} 20. R1xc3 Nf6 21. Rxb7
O-O) 20. Rxb7 $11 O-O $2 {[%eval 451,27] [%wdl 1000,0,0][%mdl 8192]} 21. Rxb4
$18 {White is clearly winning.} Nd5 22. Nxd5 Rxd5 23. Rb7 Rfd8 24. Rb8 Rxb8 25.
Bxb8 {[#] White wants to mate with Rc8+.} h6 26. Qe4 ({Not} 26. Rc8+ Kh7 27.
Bg3 a5 $18) 26... Rd8 {Prevents Rc8.} 27. Be5 Qg5 28. Rg1 {Weighted Error
Value: White=0.86/Black=1.18} 1-0

[Event "I IRT Mem Mauricio Maghelly - ALEX 2023"]
[Site "Alex"]
[Date "2023.01.30"]
[Round "1.3"]
[White "Carvalho, Joao Galetti"]
[Black "Dias, Matheus Braga"]
[Result "0-1"]
[WhiteElo "1531"]
[BlackElo "1885"]
[PlyCount "72"]
[EventDate "2023.01.30"]

{[%evp 9,72,7,31,28,42,37,51,47,70,75,116,-6,-18,-100,-102,-111,-107,-114,-104,
-101,-104,-100,-106,-72,-1,-13,-7,-12,-4,-9,-13,-39,-43,-66,-84,-210,-188,-203,
-229,-193,-199,-351,-344,-419,-416,-408,-400,-575,-592,-599,-590,-726,-690,
-684,-677,-745,-729,-754,-745,-814,-772,-768,-761,-1082,-739]} 1. e4 c5 2. c3
d5 3. exd5 Qxd5 4. d4 Nf6 5. dxc5 Qxd1+ 6. Kxd1 {B22: Sicilian: 2 c3.} a5 7.
Nf3 Nc6 {Prevents Ne5.} 8. Bb5 {White is slightly better.} Bg4 9. Be3 e5 $146 {
[%eval 116,28] [%wdl 734,266,0]} ({Better is} 9... Nd5 {[%eval 75,31] [%wdl
254,746,0]}) ({Predecessor:} 9... e6 10. Ke2 Nd5 11. Nbd2 Nxe3 12. fxe3 Bxc5
13. h3 Bxf3+ 14. gxf3 Ke7 15. Bxc6 bxc6 {1-0 (36) Pastor Alonso de Prado,E 
(2115)-Gil Sierra,J (1938) Madrid 2016}) 10. Re1 {[%eval -6,27] [%wdl 5,986,9]}
(10. h3 $16 {[%eval 116,28] [%wdl 734,266,0]} Bxf3+ 11. gxf3) 10... e4 $11 {
[%mdl 64] [#] Pin} 11. Bd4 {[%eval -100,32] [%wdl 0,459,541]} (11. h3 $11 {
[%eval -18,29] [%wdl 2,982,16] keeps the balance.}) 11... O-O-O $1 $36 {
[%csl LRc5,LRd4,LRf3][%mdl 2048] Black is really pushing.} 12. Bxc6 bxc6 13. h3
Bh5 {[%mdl 64] Pin} 14. g4 {[%tqu "En","","","","f6g4","",10]} Nxg4 {[%mdl 512]
} 15. hxg4 Bxg4 {[%mdl 64] [#] Pin} 16. Nbd2 {[%eval -72,31] [%wdl 0,799,201]}
(16. Kc1 $142 {[%eval -106,32] [%wdl 0,387,613]} Bxf3 17. Kc2) 16... Bxf3+ {
[%eval -1,36] [%wdl 5,989,6]} ({Black should try} 16... exf3 $17 {[%eval -72,
31] [%wdl 0,799,201]} 17. Kc1 f6) 17. Nxf3 exf3 18. Kc2 h5 19. Re3 Rd5 20. Rxf3
f6 {And now ...h4 would win.} 21. Rg3 h4 22. Rh1 {[%eval -210,24] [%wdl 0,2,
998]} (22. Rg4 $17 {[%eval -84,29] [%wdl 0,682,318]}) {[%tqu "En","","","",
"h8h6","",10]} 22... Rh6 $1 $19 23. Re3 Bxc5 24. Bxc5 Rxc5 {[%mdl 4096]
Endgame KRR-KRR} 25. Re8+ $2 {[%eval -351,22] [%wdl 0,0,1000]} (25. f4 {
[%eval -199,27] [%wdl 0,4,996]}) 25... Kd7 26. Rhe1 Re5 {Prevents Re7+.} 27.
R8xe5 fxe5 28. Rxe5 {[%eval -575,25] [%wdl 0,0,1000] KR-KR} (28. Kd3 $142 {
[%eval -400,26] [%wdl 0,0,1000]} Ke6 29. Ke2) 28... h3 {[%cal Bh4h3,Bh3h2]
[%mdl 32] Black is clearly winning.} 29. Re1 Rf6 30. Re3 h2 31. Rh3 Rxf2+ 32.
Kb3 g5 {[%cal Bg7g5,Bg5g4][%mdl 32]} 33. Rh7+ Kd6 34. Kc4 g4 35. Rh6+ Ke5 36.
b4 a4 {Weighted Error Value: White=0.61/Black=0.11 (very precise)} 0-1

[Event "I IRT Mem Mauricio Maghelly - ALEX 2023"]
[Site "Alex"]
[Date "2023.01.30"]
[Round "1.4"]
[White "De Souza, Vinicius Alcantara G"]
[Black "Da Costa, Carlos Henrique Luz"]
[Result "1-0"]
[WhiteElo "1846"]
[BlackElo "1520"]
[PlyCount "103"]
[EventDate "2023.01.30"]

{[%evp 17,103,52,54,68,57,21,22,25,26,-59,0,-71,11,-48,-52,-58,-32,-26,-30,-35,
-13,-132,-11,-7,0,-70,-11,-36,-7,-8,0,-9,-8,-9,-10,-17,-11,-8,69,79,92,97,83,0,
158,147,180,198,261,197,254,251,244,201,197,80,157,89,220,198,302,306,300,289,
303,274,295,180,350,359,523,506,519,501,500,508,572,559,614,607,750,772,780,
719,1007,901,996,882]} 1. d4 d5 2. c4 c6 3. Nc3 Nf6 4. Nf3 Bf5 5. cxd5 Nxd5 6.
Qb3 Qb6 7. Nxd5 Qxb3 8. Nc7+ Kd8 9. axb3 Kxc7 10. Bf4+ {D15: Slav Defence: 4
Nc3 a6 and gambit lines after 4 Nc3 dxc4.} Kd8 11. Bxb8 {[%eval 21,32] [%wdl
19,979,2]} (11. h4 $14 {[%eval 57,26] [%wdl 113,887,0] is superior.}) 11...
Rxb8 $11 12. Rxa7 {The position is equal.} e6 13. Kd1 $146 {[%eval -59,25] 
[%wdl 0,881,119]} (13. e3 $11 {[%eval 26,30] [%wdl 23,976,1]}) ({Predecessor:} 
13. Ne5 Bb4+ 14. Kd1 Ke8 15. e3 f6 16. Nd3 Be7 17. f3 g5 18. e4 Bg6 19. Nc5
Bxc5 20. dxc5 {1-0 (33) Hofmann,C-Rebholz,R Landau 1996}) {[%tqu "En","","","",
"d8c7","",10]} 13... Bd6 {[%eval 0,33] [%wdl 6,989,5]} (13... Kc7 $1 $15 {
[%eval -59,25] [%wdl 0,881,119]}) 14. h4 {[%eval -71,22] [%wdl 0,799,201]} (14.
Ne5 $11 {[%eval 0,33] [%wdl 6,989,5] remains equal.} Bxe5 15. dxe5) {[%tqu
"En","","","","d8c7","",10]} 14... h6 {[%eval 11,33] [%wdl 10,987,3]} (14...
Kc7 $1 $17 {[%eval -71,22] [%wdl 0,799,201]}) 15. e3 {[%eval -48,32] [%wdl 0,
933,67]} (15. Ne5 $11 {[%eval 11,33] [%wdl 10,987,3]} Bxe5 16. dxe5) {[%tqu
"En","","","","d8c7","",10]} 15... Kc7 $1 $15 16. Nd2 Ra8 (16... Rhd8 {is more
complex.} 17. Nc4 Bf8 18. f3 f6 19. Kd2 Bb4+) {[%tqu "En","","","","a7a8","",
10]} 17. Rxa8 Rxa8 18. e4 Bh7 {[%mdl 1024] Black has compensation.} 19. Rh3 {
[%eval -132,23] [%wdl 0,136,864]} (19. Bd3 $11 {[%eval -13,34] [%wdl 2,988,10]}
) {[%tqu "En","","","","a8a1","",10]} 19... Bb4 {[%eval -11,35] [%wdl 3,988,9]}
(19... Ra1+ $1 $17 {[%eval -132,23] [%wdl 0,136,864]} 20. Kc2 {[%tqu "En","",
"","","h7e4","",10]} Bxe4+ $1 21. Nxe4 Rxf1) 20. Bd3 $11 Rd8 {[%tqu "En","","",
"","d2f3","",10]} 21. Rf3 {[%eval -70,29] [%wdl 0,817,183]} (21. Nf3 $1 $11 {
[%eval 0,29] [%wdl 5,990,5]}) 21... Rd7 {[%eval -11,34] [%wdl 2,989,9]} ({
Reject} 21... Rxd4 22. Rxf7+ Kc8 23. Ke2 $11) (21... f5 $15 {[%eval -70,29] 
[%wdl 0,817,183]} 22. Rg3 Bf8) 22. Ke2 f6 (22... Bg6 $5 {[%cal Rg6h5]} 23. g4
h5 $15) 23. Rg3 Bd6 {Against e5} 24. Rh3 (24. e5 $5 {[%cal Re5d6]} Bxd3+ 25.
Rxd3 fxe5 26. Ne4 $11) 24... Bf4 25. Nf3 Bc1 26. e5 f5 27. Bc4 Re7 {[%eval 69,
29] [%wdl 163,837,0]} (27... Bg8 $11 {[%eval -8,34] [%wdl 3,990,7]}) 28. Rh1
$14 Bxb2 {[%tqu "En","","","","h1b1","",10]} 29. Rb1 $1 Bc3 {[%tqu "En","","",
"","b3b4","",10]} 30. Rg1 {[%eval 0,41] [%wdl 4,992,4]} (30. b4 $1 $16 {
[%eval 83,24] [%wdl 296,704,0]}) 30... f4 $2 {[%eval 158,28] [%wdl 960,40,0] 
[#]} ({Black should play} 30... b5 $11 {[%eval 0,41] [%wdl 4,992,4]} 31. Rc1 b4
) 31. Bd3 $16 Bxd3+ {[%eval 180,28] [%wdl 987,13,0]} (31... Bg8 $16 {[%eval
147,30] [%wdl 929,71,0]}) 32. Kxd3 {[%mdl 4096] Endgame KRB-KRN} Ba5 {[%eval
261,24] [%wdl 1000,0,0]} (32... Bb4 $142 {[%eval 198,27] [%wdl 995,5,0]} 33.
Kc4 Ba5) 33. Ke4 Rf7 {[%eval 254,31] [%wdl 1000,0,0]} (33... g6 {[%eval 197,30]
[%wdl 995,5,0] is a better defense.} 34. Kxf4 Rd7) 34. Ra1 Kb6 35. Ra4 {
[#] b4 is the strong threat.} Kb5 {Prevents b4.} 36. Rc4 {[%eval 80,30] [%wdl
254,746,0]} (36. h5 $18 {[%eval 197,27] [%wdl 995,5,0] and White stays clearly
on top.}) 36... Bb4 {[%eval 157,27] [%wdl 956,44,0]} (36... g6 $142 {[%eval 80,
30] [%wdl 254,746,0]}) 37. Rc1 {[%eval 89,32] [%wdl 353,647,0]} ({Better is} 
37. h5 {[%eval 157,27] [%wdl 956,44,0]}) 37... b6 {[%eval 220,25] [%wdl 998,2,
0]} (37... g6 $16 {[%eval 89,32] [%wdl 353,647,0]}) 38. h5 $18 Rf5 {[%eval 302,
25] [%wdl 1000,0,0]} (38... Ra7 $142 {[%eval 198,26] [%wdl 995,5,0]}) 39. Rh1
Be7 40. Ng1 Kb4 41. Ne2 Bg5 42. Rb1 b5 $2 {[%eval 350,23] [%wdl 1000,0,0]} (
42... Rf8 {[%eval 180,28] [%wdl 985,15,0] was necessary.} 43. f3 Ra8) 43. Nc1
Bh4 {[%eval 523,22] [%wdl 1000,0,0]} (43... Ka3 $142 {[%eval 359,26] [%wdl
1000,0,0]} 44. Nd3 Rf8) 44. Nd3+ {White is clearly winning.} Kc3 45. Rc1+ Kxb3
46. Rxc6 Rxh5 47. Nxf4 Rg5 48. g3 Bxg3 49. fxg3 Rxg3 50. Nxe6 g5 51. Nc5+ Kb4
52. Rxh6 {Weighted Error Value: White=0.31/Black=0.51} 1-0

[Event "I IRT Mem Mauricio Maghelly - ALEX 2023"]
[Site "Alex"]
[Date "2023.01.30"]
[Round "1.5"]
[White "Leite, Tarcisio Dantas Frot"]
[Black "Lopes, Eduardo Moraes"]
[Result "1/2-1/2"]
[WhiteElo "1506"]
[BlackElo "1744"]
[PlyCount "94"]
[EventDate "2023.01.30"]

{[%evp 9,94,-44,-37,-40,-39,-34,-45,-44,-35,-80,-81,-78,-31,-65,-49,-61,-40,
-56,-29,-33,-31,-157,-151,-173,-177,-181,-170,-162,-27,-23,-26,-53,-15,-50,-18,
-18,-18,-25,-31,-31,-17,-28,-17,-25,-18,-20,-13,-12,0,0,0,-12,0,-26,0,-19,0,0,
0,-26,-24,-28,0,-2,0,0,0,0,0,0,0,0,0,0,0,0,0,0,0,0,0,0,0,0,0,0,0]} 1. d4 d5 2.
e3 e6 3. Bd3 Nf6 4. Nd2 Be7 5. f4 c5 6. c3 {D00: 1 d4 d5: Unusual lines.} b6 7.
Ngf3 O-O 8. O-O {Black is slightly better.} Ba6 {[%tqu "En","","","","d3a6","",
10]} 9. Ne5 $146 {[%eval -80,25] [%wdl 0,703,297]} (9. Bxa6 $1 $15 {[%eval -35,
30] [%wdl 1,958,41]} Nxa6 10. Qe2) ({Predecessor:} 9. Bxa6 Nxa6 10. Qe2 Qc8 11.
Ne5 Nb8 12. Rf3 Qa6 13. Qf2 Nbd7 14. Rh3 Nxe5 15. fxe5 {0-1 (52) Verde Noriega,
J (1686)-Pastor Alonso de Prado,E (2050) Collado Villalba 2022}) 9... Bxd3 $17
10. Nxd3 Nfd7 {[%eval -31,30] [%wdl 1,968,31]} (10... Nbd7 $17 {[%eval -78,24]
[%wdl 0,721,279]}) 11. Nf3 {[%eval -65,29] [%wdl 0,837,163]} (11. b3 {[%eval
-31,30] [%wdl 1,968,31] is more appropriate.}) 11... Nc6 12. Nde5 Ndxe5 13.
Nxe5 Nxe5 14. fxe5 f6 15. Qh5 {[%eval -157,31] [%wdl 0,38,962]} (15. exf6 $15 {
[%eval -31,27] [%wdl 1,971,28]} Bxf6 16. Bd2) 15... fxe5 16. Qxe5 Rxf1+ 17.
Kxf1 Qf8+ 18. Kg1 {[%tqu "En","","","","f8f7","",10]} Qf5 {[%eval -27,32] 
[%wdl 1,977,22]} (18... Qf7 $1 $19 {[%eval -162,30] [%wdl 0,30,970] Strongly
threatening ...Rf8.} 19. Qf4 Qh5) 19. Qxf5 $11 exf5 {[%mdl 4096] Endgame
KRB-KRB} 20. Bd2 Bg5 {[%eval -15,32] [%wdl 2,987,11]} (20... a5 $15 {[%eval
-53,27] [%wdl 0,918,82] deserves consideration.}) 21. g3 {[%eval -50,27] [%wdl
0,932,68]} (21. Kf2 $11 {[%eval -15,32] [%wdl 2,987,11]}) 21... cxd4 {[%eval
-18,32] [%wdl 2,985,13]} (21... Rc8 $15 {[%eval -50,27] [%wdl 0,932,68]}) 22.
cxd4 Rc8 23. Rc1 {Prevents Rc2.} Rxc1+ 24. Bxc1 {KB-KB} Kf7 25. Kf2 Ke6 26. Ke2
Kd6 27. b3 Kc6 28. Ba3 h5 29. Bf8 g6 30. Ba3 Bd8 31. Bf8 Bc7 32. Bh6 Bd6 {
[#] aiming for ...Kb5.} 33. Bf4 Be7 34. Bb8 Kb5 {...Kb4 is the strong threat.}
35. Kd3 ({Wrong is} 35. Bxa7 $2 Bd6 36. b4 Ka6 $19) 35... Bb4 36. Bf4 {The
position is equal.} ({Don't go for} 36. Bxa7 $2 Bd6 37. b4 Ka6 $19) 36... a6
37. Bg5 Bd6 38. Bf6 Kb4 {[#] Hoping for ...Ka3.} 39. Kc2 Kb5 40. Kd3 Kc6 41.
Kc2 Kd7 42. Kd3 Ke6 43. Bg5 b5 44. Ke2 Bb4 45. Kf3 Bd6 46. Ke2 Bb4 47. Kf3 Bd6
{Weighted Error Value: White=0.14 (very precise) /Black=0.14 (very precise)}
1/2-1/2

[Event "I IRT Mem Mauricio Maghelly - ALEX 2023"]
[Site "?"]
[Date "2023.01.31"]
[Round "2.1"]
[White "Rangel, Daniel"]
[Black "De Souza, Vinicius Alcantara"]
[Result "1-0"]
[WhiteElo "2220"]
[BlackElo "1846"]
[PlyCount "97"]
[EventDate "2023.??.??"]

{[%evp 9,97,9,9,10,37,28,44,46,43,45,42,33,39,-6,-10,-9,-11,-8,-5,-10,-7,-6,-4,
-6,0,0,0,0,0,0,0,0,0,0,0,0,0,0,0,0,0,0,0,0,0,0,87,0,0,0,0,0,0,0,0,0,0,0,0,0,0,
0,0,0,0,0,0,0,0,0,0,0,0,0,0,0,0,0,0,0,0,0,0,0,0,0,0,0,29986,29987]} 1. c4 {
[%emt 0:00:02]} e5 {[%emt 0:00:07]} 2. g3 {[%emt 0:00:04]} Nf6 {[%emt 0:00:08]}
3. Bg2 {[%emt 0:00:02]} Bc5 {[%emt 0:00:11]} 4. Nc3 {[%emt 0:00:08]} c6 {
[%emt 0:00:11]} 5. e3 {[%emt 0:01:46]} O-O {[%emt 0:01:12]} 6. Nge2 {[%emt 0:
00:06] A23: English Opening: 1...e5 2 Nc3 Nf6 3 g3 c6.} Re8 {[%emt 0:05:58]} 7.
O-O {[%emt 0:00:09]} Bb6 {[%emt 0:00:22]} 8. d4 {[%emt 0:01:50] White is
slightly better.} exd4 {[%emt 0:02:15]} 9. Nxd4 $146 {[%emt 0:00:46]} ({
Predecessor:} 9. exd4 d6 10. Bg5 Bg4 11. f3 Be6 12. b3 h6 13. Bxf6 Qxf6 14. Ne4
Qe7 15. Kh1 {0-1 (44) Broly,M (1689)-Lahav,M Albena 2011}) 9... d5 {[%emt 0:04:
18]} 10. cxd5 {[%emt 0:00:17]} cxd5 {[%emt 0:00:17]} {[%tqu "En","","","",
"d4e2","",10]} 11. Qb3 {[%eval -6,32] [%wdl 4,987,9] [%emt 0:01:11]} (11. Nde2
$1 $14 {[%eval 39,25] [%wdl 46,953,1] deserves consideration.}) 11... Nc6 $11 {
[%emt 0:03:11][%cal Bb8c6,Bc6d4,Bd4e2][%mdl 32]} 12. Nxd5 {[%emt 0:08:08] [#]
Nxc6 is the strong threat.} Bxd4 {[%emt 0:09:58]} 13. exd4 {[%emt 0:00:06]}
Nxd4 {[%emt 0:01:14]} 14. Qc4 {[%emt 0:02:08]} Ne2+ {[%emt 0:08:14]} 15. Kh1 {
[%emt 0:00:02]} Nxc1 {[%emt 0:00:16]} 16. Raxc1 {[%emt 0:00:34] Hoping for Nc7.
} Nxd5 {[%emt 0:03:17]} 17. Bxd5 {[%emt 0:04:34]} Be6 {[%emt 0:00:32]} 18. Bxe6
{[%emt 0:01:20]} Rxe6 {[%emt 0:00:24]} 19. Rfd1 {[%emt 0:01:42]} Qe8 {[%emt 0:
04:56]} 20. Qd4 {[%emt 0:05:01]} Re7 {[%emt 0:06:01]} 21. Kg2 {[%emt 0:02:34]}
g6 {[%emt 0:01:26]} 22. Rc5 {[%emt 0:01:39]} b6 {[%emt 0:02:18]} 23. Rc2 {
[%emt 0:07:53]} Rc8 {[%emt 0:05:49]} 24. Rxc8 {[%emt 0:08:08]} Qxc8 {[%emt 0:
00:07][%mdl 4096] Endgame KQR-KQR} 25. h4 {[%emt 0:02:32]} h5 {[%emt 0:03:25]}
26. Qf6 {[%emt 0:01:15]} Qb7+ {[%emt 0:00:16]} 27. Kh2 {[%emt 0:00:26] Rd8+
would kill now.} Qe4 {[%eval 87,31] [%wdl 343,657,0] [%emt 0:01:08]} (27... Rd7
$11 {[%eval 0,43] [%wdl 4,992,4] remains equal.} 28. Rxd7 Qxd7) {[%tqu "En","",
"","","b2b3","",10]} 28. Rd8+ {[%eval 0,44] [%wdl 4,992,4] [%emt 0:01:24]} ({
White should try} 28. b3 $1 $16 {[%eval 87,31] [%wdl 343,657,0]}) 28... Re8 {
[%emt 0:00:06]} 29. Rd7 {[%emt 0:00:24][%csl LRa7,LRf7]} Qe6 {[%emt 0:01:20]}
30. Qxe6 {[%emt 0:03:38]} Rxe6 {[%emt 0:00:11]} 31. Rxa7 {[%emt 0:00:18]
Strongly threatening Ra6. KR-KR} Re2 {[%emt 0:00:06][%csl LRb2,LRf2]} 32. b3 {
[%emt 0:03:35]} Rxf2+ {[%emt 0:00:06]} 33. Kg1 {[%emt 0:00:12]} Rb2 {[%emt 0:
00:14]} 34. Kf1 {[%emt 0:00:18]} Kg7 {[%emt 0:01:40]} 35. Ra8 {[%emt 0:04:38]}
Kf6 {[%emt 0:00:47]} 36. Ra6 {[%emt 0:00:27]} Kf5 {[%emt 0:00:19] And now ...
Kg4 would win.} 37. Ra4 {[%emt 0:01:36]} b5 {[%emt 0:00:34]} 38. Rf4+ {[%emt 0:
01:30]} Ke6 {[%emt 0:01:27]} 39. Rb4 {[%emt 0:00:40]} Rxa2 {[%emt 0:00:10]} 40.
Rxb5 {[%emt 0:00:03]} Rb2 {[%emt 0:00:22]} 41. Rb7 {[%emt 0:00:29]} Ke5 {
[%emt 0:01:24]} 42. b4 {[%emt 0:01:15]} Ke4 {[%emt 0:01:17]} 43. Rxf7 {[%emt 0:
00:07]} Kd5 {[%emt 0:01:57]} 44. Rf6 {[%emt 0:01:18]} Rxb4 {[%emt 0:01:32]} 45.
Rxg6 {[%emt 0:00:10]} Ke4 {[%emt 0:00:24]} 46. Kg2 {[%emt 0:00:38] Threatens
to win with Rg5.} Rb5 {[%emt 0:00:42]} 47. Re6+ {[%emt 0:01:02]} Kf5 {[%emt 0:
00:47]} 48. Rh6 {[%emt 0:00:05]} Kg4 $2 {[%eval 32740,45] [%wdl 1000,0,0] 
[%emt 0:00:44][%mdl 8192] [#]} (48... Ke4 $11 {[%eval 0,55] [%wdl 5,990,5]})
49. Rg6+ {[%emt 0:00:05] Weighted Error Value: White=0.05 (flawless) /Black=0.
25 (precise)} 1-0